[Event "ch-ISL 2023"]
[Site "Hafnarfjordur ISL"]
[Date "2023.05.22"]
[Round "8.1"]
[White "Ptacnikova, Lenka"]
[Black "Ragnarsson, Dagur"]
[Result "1/2-1/2"]
[WhiteTitle "WGM"]
[BlackTitle "IM"]
[WhiteElo "2099"]
[BlackElo "2346"]
[WhiteFideId "305650"]
[BlackFideId "2304058"]
[EventDate "2023.05.15"]

1. c4 c6 2. Nf3 d5 3. e3 Nf6 4. b3 Bf5 5. Bb2 e6 6. Be2 h6 7. O-O Be7 8. Nc3 O-O
9. d3 Nbd7 10. cxd5 exd5 11. Nd4 Bh7 12. h3 Re8 13. Qd2 Bd6 14. Rfe1 Nc5 15. b4
Ne6 16. Na4 Nd7 17. Rec1 Qh4 18. a3 Nxd4 19. Bxd4 Bf5 20. Nc5 Nxc5 21. bxc5 Be5
22. Bxe5 Rxe5 23. Bf1 Rae8 24. Rab1 Bc8 25. Rb4 Qe7 26. Qb2 g5 27. Qd4 Re6 28.
g3 f5 29. Bg2 Rf8 30. Qc3 Ref6 31. Re1 Qg7 32. Qd2 Rd8 33. Qb2 Re6 34. Qxg7+
Kxg7 35. Rd4 Kf6 36. Rb1 Ke7 37. Kf1 Rf8 38. Ra4 f4 39. exf4 gxf4 40. gxf4 Ref6
41. Rxa7 Rxf4 42. Rb2 Kd8 43. Ra8 Kc7 44. Re2 R8f7 45. Kg1 Rg7 46. Kh2 Rgf7 47.
Kg1 Rg7 48. Kh2 Rgf7 49. Kg1 Rg7 1/2-1/2

[Event "ch-ISL 2023"]
[Site "Hafnarfjordur ISL"]
[Date "2023.05.22"]
[Round "8.2"]
[White "Danielsen, Henrik"]
[Black "Kjartansson, Gudmundur"]
[Result "0-1"]
[WhiteTitle "GM"]
[BlackTitle "GM"]
[WhiteElo "2501"]
[BlackElo "2402"]
[WhiteFideId "1400185"]
[BlackFideId "2301318"]
[EventDate "2023.05.15"]

1. d4 Nf6 2. Nf3 d5 3. e3 e6 4. Bd3 c5 5. O-O Nc6 6. c3 Qc7 7. Nbd2 Bd7 8. Qe2
Be7 9. dxc5 Bxc5 10. b4 Be7 11. Bb2 O-O 12. a3 Ne5 13. Nxe5 Qxe5 14. Rab1 Qc7
15. c4 dxc4 16. Nxc4 Ba4 17. Rbc1 Rfd8 18. Ne5 Qd6 19. Bd4 Rac8 20. Qf3 Qd5 21.
Qg3 Bb5 22. Ng4 Nh5 0-1

[Event "ch-ISL 2023"]
[Site "Hafnarfjordur ISL"]
[Date "2023.05.22"]
[Round "8.3"]
[White "Domalchuk-Jonasson, Aleksandr"]
[Black "Stefansson, Vignir Vatnar"]
[Result "1/2-1/2"]
[WhiteTitle "FM"]
[BlackTitle "IM"]
[WhiteElo "2338"]
[BlackElo "2470"]
[WhiteFideId "14142805"]
[BlackFideId "2308649"]
[EventDate "2023.05.15"]

1. d4 d5 2. c4 e6 3. Nc3 Nf6 4. cxd5 exd5 5. Bf4 Bd6 6. Bxd6 Qxd6 7. e3 Bf5 8.
Qf3 g6 9. Nge2 c6 10. Qf4 Qxf4 11. Nxf4 O-O 12. h4 h5 13. b4 a6 14. f3 Nbd7 15.
a4 a5 16. b5 Nb6 17. bxc6 bxc6 18. Kf2 Rfc8 19. Bd3 Bxd3 20. Nxd3 Nc4 21. Rab1
Re8 22. Rhe1 Re7 23. Rb3 Rae8 24. Nd1 Nd7 25. N3b2 Nd6 26. Nd3 Kg7 27. Rc3 Nc4
28. N3b2 Ndb6 29. Nxc4 Nxc4 30. Rb3 Nd6 31. Re2 Nf5 32. Rc2 Re6 33. g3 R8e7 34.
Rbc3 Re8 35. Rb3 R8e7 1/2-1/2

[Event "ch-ISL 2023"]
[Site "Hafnarfjordur ISL"]
[Date "2023.05.22"]
[Round "8.4"]
[White "Ingvason, Johann"]
[Black "Hjartarson, Johann"]
[Result "1/2-1/2"]
[BlackTitle "GM"]
[WhiteElo "2076"]
[BlackElo "2466"]
[WhiteFideId "2301431"]
[BlackFideId "2300044"]
[EventDate "2023.05.15"]

1. d4 Nf6 2. c4 e6 3. g3 Bb4+ 4. Nd2 c5 5. a3 Bxd2+ 6. Qxd2 cxd4 7. Nf3 b6 8.
Bg2 Bb7 9. Qxd4 Nc6 10. Qc3 O-O 11. O-O Rc8 12. b4 Ne7 13. Bb2 Bxf3 14. Bxf3 d5
15. c5 bxc5 16. bxc5 Nc6 17. Rfd1 Qe7 18. Rac1 Rb8 19. Ba1 h6 20. Rd2 Rfc8 21.
Rb2 Rxb2 22. Qxb2 Rb8 23. Qc2 Rb5 24. Qc3 Qb7 25. Qd2 Qe7 26. Qc3 Qf8 27. Kg2
Nd7 28. Qd2 Rxc5 29. Rxc5 Qxc5 30. Qb2 Nde5 31. e3 Qb6 32. Be2 Qxb2 33. Bxb2 f6
34. f4 Nc4 35. Bc1 N6a5 36. Bd1 Kf7 37. Kf3 f5 38. g4 Nb7 39. gxf5 exf5 40. Ke2
Nbd6 41. Kd3 Ke6 42. a4 Nb7 43. Kd4 Kd6 44. Bf3 Nb6 45. Ba3+ Ke6 46. Bf8 Kf7 47.
Ba3 Ke6 48. Bf8 Kf7 49. Ba3 1/2-1/2

[Event "ch-ISL 2023"]
[Site "Hafnarfjordur ISL"]
[Date "2023.05.22"]
[Round "8.5"]
[White "Thorfinnsson, Bragi"]
[Black "Gretarsson, Hjorvar Steinn"]
[Result "0-1"]
[WhiteTitle "GM"]
[BlackTitle "GM"]
[WhiteElo "2431"]
[BlackElo "2539"]
[WhiteFideId "2300958"]
[BlackFideId "2302241"]
[EventDate "2023.05.15"]

1. e4 c5 2. Nf3 d6 3. d4 cxd4 4. Nxd4 Nf6 5. Nc3 a6 6. Bd3 g6 7. f3 e5 8. Nb3
Be6 9. Bg5 Nbd7 10. Qd2 Be7 11. O-O O-O 12. Bh6 Re8 13. Ne2 d5 14. Ng3 Rc8 15.
Rae1 dxe4 16. Nxe4 Nxe4 17. Bxe4 Qc7 18. Bg5 Nf6 19. Bd3 Nd5 20. Bxe7 Rxe7 21.
Qg5 f6 22. Qh4 Kg7 23. Qf2 Nf4 24. Qe3 a5 25. Nc1 b6 26. a3 Qc5 27. Qxc5 bxc5
28. Bb5 c4 29. Na2 Nd5 30. Re4 Rc5 31. a4 Bf5 32. Re2 c3 33. Nxc3 Nxc3 34. bxc3
Rxc3 35. Rd1 Bxc2 36. Rd6 e4 37. Ra6 e3 38. Rxa5 Bxa4 39. h4 Bc2 40. Ra2 Rec7
41. Kh2 h6 42. Ra1 f5 43. Kg3 g5 44. hxg5 hxg5 45. f4 g4 46. Kh4 Be4 47. Kg5 Kf8
48. Ree1 Rg7+ 49. Kf6 Rf7+ 50. Kg6 Rb7 51. Ra8+ Ke7 52. Re8+ Kd6 53. Re5 Kc7 54.
g3 Rb6+ 55. Kg5 Kb7 56. Be2 Rc7 57. Rxe4 fxe4 58. f5 Rg7+ 59. Kf4 Kc6 60. Bxg4
Kd5 61. Rd1+ Kc5 62. Be2 Rb2 63. Re1 Kd4 64. g4 Rc7 65. f6 Rcc2 66. Rd1+ Rd2 67.
f7 Rxd1 68. f8=Q Rf1+ 0-1

[Event "ch-ISL 2023"]
[Site "Hafnarfjordur ISL"]
[Date "2023.05.22"]
[Round "8.6"]
[White "Stefansson, Hannes"]
[Black "Heimisson, Hilmir Freyr"]
[Result "1-0"]
[WhiteTitle "GM"]
[BlackTitle "IM"]
[WhiteElo "2521"]
[BlackElo "2353"]
[WhiteFideId "2300087"]
[BlackFideId "2309998"]
[EventDate "2023.05.15"]

1. e4 e5 2. Nf3 Nc6 3. Bb5 Nf6 4. O-O Nxe4 5. d4 Nd6 6. Bxc6 dxc6 7. dxe5 Nf5 8.
Qxd8+ Kxd8 9. Nc3 Ke8 10. h3 h5 11. Ne2 b6 12. Re1 Bb7 13. Bg5 h4 14. Ned4 Nxd4
15. Nxd4 Rh5 16. f4 Be7 17. Nf5 Bc5+ 18. Kh2 Kf8 19. Rad1 f6 20. exf6 gxf6 21.
g4 hxg3+ 22. Nxg3 Rh7 23. Bxf6 Bf2 24. Re2 Bxg3+ 25. Kxg3 Ba6 26. Re5 Bc4 27. b3
Bg8 28. Rde1 Rd7 29. Re7 Rxe7 30. Rxe7 b5 31. Rxc7 Bd5 32. h4 Re8 33. Be5 Be4
34. h5 Re6 35. h6 Rg6+ 36. Kf2 Rg2+ 37. Ke3 Bxc2 38. h7 Bxh7 39. Rxh7 Rxa2 40.
f5 Ra6 41. Bd6+ 1-0

[Event "ch-ISL 2023"]
[Site "Hafnarfjordur ISL"]
[Date "2023.05.23"]
[Round "9.1"]
[White "Heimisson, Hilmir Freyr"]
[Black "Ptacnikova, Lenka"]
[Result "1-0"]
[WhiteTitle "IM"]
[BlackTitle "WGM"]
[WhiteElo "2353"]
[BlackElo "2099"]
[WhiteFideId "2309998"]
[BlackFideId "305650"]
[EventDate "2023.05.15"]

1. e4 c5 2. Nf3 Nc6 3. Bb5 g6 4. Bxc6 dxc6 5. d3 Bg7 6. h3 e5 7. a4 Qe7 8. Be3
Nf6 9. Qd2 Nd7 10. Qc3 O-O 11. a5 Rb8 12. Nbd2 Re8 13. O-O h6 14. Rfb1 f5 15.
Nc4 f4 16. Bd2 g5 17. b4 h5 18. Qb3 Kh7 19. Nh2 cxb4 20. Bxb4 c5 21. Bc3 Nf8 22.
Qa3 Bd7 23. f3 Bf6 24. Kf1 Ng6 25. Be1 Nf8 26. Bf2 Ne6 27. c3 Bc6 28. Ra2 Rbd8
29. Rd2 Rd7 30. Kg1 Red8 31. Rbd1 Bb5 32. Qb3 Ba6 33. Nf1 g4 34. hxg4 hxg4 35.
fxg4 Kg6 36. Nh2 Ng5 37. Nf3 Nxf3+ 38. gxf3 Qe6 39. Qa2 Rxd3 40. Rxd3 Rxd3 41.
Rxd3 Bxc4 42. Qd2 Bxd3 43. Qxd3 c4 44. Qd1 a6 45. Bb6 Qc6 46. Kg2 Be7 47. Qh1
Kg7 48. Qh5 Qd6 49. Kh3 Bf6 50. g5 Be7 51. g6 Qe6+ 52. Qf5 Qxf5+ 53. exf5 Bb4
54. cxb4 c3 55. Bc7 1-0

[Event "ch-ISL 2023"]
[Site "Hafnarfjordur ISL"]
[Date "2023.05.23"]
[Round "9.2"]
[White "Gretarsson, Hjorvar Steinn"]
[Black "Stefansson, Hannes"]
[Result "0-1"]
[WhiteTitle "GM"]
[BlackTitle "GM"]
[WhiteElo "2539"]
[BlackElo "2521"]
[WhiteFideId "2302241"]
[BlackFideId "2300087"]
[EventDate "2023.05.15"]

1. d4 Nf6 2. c4 e6 3. Nc3 Bb4 4. Qc2 O-O 5. e4 d5 6. e5 Ne4 7. Bd3 c5 8. Nf3
cxd4 9. Nxd4 Nd7 10. Bf4 Qh4 11. g3 Qh5 12. O-O g5 13. cxd5 gxf4 14. Bxe4 Nxe5
15. gxf4 Ng4 16. f3 Ne3 17. Qd3 Nxf1 18. Rxf1 Bxc3 19. Qxc3 e5 20. fxe5 Bh3 21.
Rd1 Qg5+ 22. Kf2 Qxe5 23. Rg1+ Kh8 24. Rg3 Bd7 25. Nf5 Qxc3 26. bxc3 Bxf5 27.
Bxf5 Rad8 28. c4 b5 29. Ke3 bxc4 30. Kd4 Rd6 31. Rh3 Rfd8 32. Rxh7+ Kg8 33. Be4
f5 34. Rxa7 fxe4 35. fxe4 Rc8 36. Ra3 Rh6 37. h3 Rh4 38. d6 c3 39. Rxc3 Re8 40.
Re3 Kf7 41. Kd5 Ra8 42. Rf3+ Ke8 43. e5 Rh6 44. Rf5 Rxa2 45. Rg5 Rxh3 46. Rg6
Rd2+ 47. Ke6 Rh8 48. Rg7 Rh6+ 49. Kf5 Rf2+ 50. Ke4 Rh4+ 51. Kd5 Rd2+ 52. Ke6
Rh6+ 53. Kf5 Rd5 54. Ke4 Rd1 55. Kf5 Rd5 56. Ke4 Rd2 57. Kf5 Rf2+ 58. Ke4 Rh1
59. Kd5 Re2 60. Rg5 Rd2+ 61. Ke4 Re1+ 62. Kf5 Kf7 63. e6+ Rxe6 64. Rg7+ Kxg7 65.
Kxe6 Re2+ 66. Kd7 Kf7 0-1

[Event "ch-ISL 2023"]
[Site "Hafnarfjordur ISL"]
[Date "2023.05.23"]
[Round "9.3"]
[White "Hjartarson, Johann"]
[Black "Thorfinnsson, Bragi"]
[Result "1-0"]
[WhiteTitle "GM"]
[BlackTitle "GM"]
[WhiteElo "2466"]
[BlackElo "2431"]
[WhiteFideId "2300044"]
[BlackFideId "2300958"]
[EventDate "2023.05.15"]

1. d4 Nf6 2. c4 e6 3. Nf3 d5 4. Nc3 h6 5. e3 Bd6 6. Bd3 O-O 7. O-O dxc4 8. Bxc4
Nc6 9. a3 a6 10. b4 e5 11. h3 Bf5 12. Bb2 e4 13. Nd2 Qd7 14. f3 exf3 15. Qxf3
Bg6 16. Nd5 Nxd5 17. Bxd5 Nd8 18. e4 c6 19. Ba2 Bc7 20. d5 cxd5 21. Bxd5 Kh7 22.
Nc4 Rc8 23. Rad1 Qe7 24. e5 Nc6 25. Rfe1 Qg5 26. Nd6 Bxd6 27. exd6 Bh5 28. Qd3+
Kg8 29. Rd2 Rcd8 30. Re3 Rxd6 31. Rg3 Ne5 32. Rxg5 Nxd3 33. Rxg7+ Kh8 34. Rxd3 1-0

[Event "ch-ISL 2023"]
[Site "Hafnarfjordur ISL"]
[Date "2023.05.23"]
[Round "9.4"]
[White "Stefansson, Vignir Vatnar"]
[Black "Ingvason, Johann"]
[Result "1-0"]
[WhiteTitle "IM"]
[WhiteElo "2470"]
[BlackElo "2076"]
[WhiteFideId "2308649"]
[BlackFideId "2301431"]
[EventDate "2023.05.15"]

1. c4 Nf6 2. Nf3 c6 3. g3 d5 4. Bg2 Bf5 5. Qb3 Qb6 6. d3 e6 7. Be3 Qxb3 8. axb3
Nbd7 9. O-O a6 10. Nh4 Bg6 11. Nc3 Be7 12. h3 O-O 13. f4 Nh5 14. Nxg6 hxg6 15.
g4 Nhf6 16. Bf2 Bd6 17. Be3 Rfe8 18. d4 Bc7 19. Bd2 Rad8 20. e3 Nb6 21. Na4 Nc8
22. g5 Nd7 23. Rac1 Ne7 24. Rfe1 Bb8 25. Ba5 Rc8 26. Rc3 Ba7 27. Bb4 Nf5 28. Rd3
Bb8 29. Kf2 Nd6 30. Rc1 Nf5 31. Bf3 Ba7 32. Rdd1 e5 33. fxe5 Nxe5 34. dxe5 Bxe3+
35. Kf1 Bxc1 36. Rxc1 Rxe5 37. Nb6 Rce8 38. cxd5 cxd5 39. Re1 Ne3+ 40. Kf2 d4
41. Nc4 Rxg5 42. Bd2 Rd8 43. Bxb7 Rb8 44. Bxa6 Rg2+ 45. Kf3 Nxc4 46. Bf4 Rxb3+
47. Kxg2 Rxb2+ 48. Kf3 Nd2+ 49. Bxd2 Rxd2 50. Bc4 Kf8 51. Ra1 f5 52. Kf4 Rc2 53.
Ra4 Rc3 54. Ke5 Ke7 55. Ra7+ Kd8 56. Be6 Rc6 57. Rd7+ Ke8 58. Rxg7 1-0

[Event "ch-ISL 2023"]
[Site "Hafnarfjordur ISL"]
[Date "2023.05.23"]
[Round "9.5"]
[White "Kjartansson, Gudmundur"]
[Black "Domalchuk-Jonasson, Aleksandr"]
[Result "1/2-1/2"]
[WhiteTitle "GM"]
[BlackTitle "FM"]
[WhiteElo "2402"]
[BlackElo "2338"]
[WhiteFideId "2301318"]
[BlackFideId "14142805"]
[EventDate "2023.05.15"]

1. c4 e6 2. Nc3 d5 3. d4 Nf6 4. cxd5 exd5 5. Bg5 Be7 6. e3 O-O 7. Bd3 Re8 8.
Nge2 c6 9. Qc2 h6 10. Bh4 a5 11. O-O Na6 12. a3 Nc7 13. Rad1 Ne6 14. f3 b5 15.
Bf2 Ba6 16. Ng3 Bf8 17. h3 Qb8 18. Rfe1 b4 19. axb4 axb4 20. Nce2 Bxd3 21. Qxd3
c5 22. dxc5 Nxc5 23. Qb1 Qe5 24. Nd4 Ne6 25. Ngf5 Nxd4 26. exd4 Qc7 27. Bg3 Qb6
28. Be5 Nd7 29. Kh1 g6 30. Ng3 Bg7 31. Bxg7 Kxg7 32. Qd3 Qd6 33. Nf1 Nf6 34. g4
Qf4 35. Kg2 h5 36. Rxe8 Rxe8 37. Qd2 Qxd2+ 38. Rxd2 hxg4 39. hxg4 Nd7 40. Kf2
Nb6 41. b3 Rc8 42. Ra2 Ra8 43. Rc2 Ra3 44. Nd2 Ra5 45. Rc7 Kf8 46. Rb7 Ra6 47.
Nf1 f6 48. Ne3 Ke8 49. Kg3 Kd8 50. Rf7 Nd7 51. Nxd5 Rd6 52. Nxb4 Ke8 53. Rh7
Rxd4 54. Nc2 Rd3 55. b4 Rb3 56. Rh8+ Kf7 57. Rh7+ Ke8 58. Nd4 Rxb4 59. Rh8+ Kf7
60. Rh7+ Ke8 61. Nc6 Rb6 62. Re7+ Kf8 63. Rxd7 Rxc6 64. Kf4 Rc4+ 65. Ke3 Ra4 66.
Rb7 Kg8 67. f4 Kf8 68. Rd7 g5 69. fxg5 Rxg4 70. gxf6 Rg6 71. Rd6 Kf7 72. Ke4
Rxf6 73. Rxf6+ Kxf6 1/2-1/2

[Event "ch-ISL 2023"]
[Site "Hafnarfjordur ISL"]
[Date "2023.05.23"]
[Round "9.6"]
[White "Ragnarsson, Dagur"]
[Black "Danielsen, Henrik"]
[Result "1/2-1/2"]
[WhiteTitle "IM"]
[BlackTitle "GM"]
[WhiteElo "2346"]
[BlackElo "2501"]
[WhiteFideId "2304058"]
[BlackFideId "1400185"]
[EventDate "2023.05.15"]

1. d4 d6 2. c4 e5 3. Nc3 exd4 4. Qxd4 Nf6 5. Nf3 Nc6 6. Qd2 Be6 7. e4 Be7 8. b3
a5 9. Bb2 a4 10. Rd1 axb3 11. axb3 O-O 12. Be2 Re8 13. O-O Nd7 14. Nd5 Nc5 15.
Qc3 Bf8 16. Nd2 Ne5 17. Ra1 Rxa1 18. Rxa1 Bxd5 19. exd5 Qd7 20. Qc2 Ng6 21. Bf1
Qg4 22. h3 Qg5 23. Nf3 Qd8 24. b4 Nd7 25. Bd3 Be7 26. Ra7 Qb8 27. Qa4 Ngf8 28.
Bd4 Bf6 29. Be3 g6 30. Qa2 Bc3 31. c5 Bxb4 32. c6 Nc5 33. Bb5 b6 34. Qa1 Bc3 35.
Qxc3 Rxe3 36. Qxe3 Qxa7 37. Qe7 h6 38. Bf1 Nb3 39. Kh2 b5 40. Bxb5 Qxf2 41. Qxc7
Nd4 42. Nxd4 Qf4+ 43. Kh1 Qc1+ 44. Kh2 Qf4+ 45. g3 Qf2+ 46. Kh1 Qxd4 47. Bf1 Qd1
48. Kg1 Qxd5 49. Qb6 Ne6 50. c7 Nxc7 51. Qxc7 Qe5 52. Kh2 Kg7 53. Bg2 h5 54. Qc4
Qb2 55. h4 Qe5 56. Qf4 f6 57. Qf3 f5 58. Qb7+ Kf6 59. Qa8 Kg7 60. Qa4 Kf6 61.
Qf4 Kg7 62. Bf3 Kh7 63. Kh3 Qe6 64. Kh2 Qa2+ 65. Bg2 Qe6 66. Qc1 Kg7 67. Qc7+
Kh6 68. Qb7 f4 69. gxf4 Qg4 70. Qf7 Qxh4+ 71. Bh3 Qf2+ 72. Bg2 Qh4+ 73. Kg1 Qe1+
74. Bf1 Qg3+ 75. Kh1 Qe1 76. Qf8+ Kh7 77. Kg2 Qd2+ 78. Kg1 Qe3+ 79. Kh1 Qe1 80.
Qf7+ Kh6 81. Qf8+ Kh7 82. Qf7+ Kh6 83. Qf8+ 1/2-1/2

[Event "ch-ISL 2023"]
[Site "Hafnarfjordur ISL"]
[Date "2023.05.24"]
[Round "10.1"]
[White "Ptacnikova, Lenka"]
[Black "Danielsen, Henrik"]
[Result "0-1"]
[WhiteTitle "WGM"]
[BlackTitle "GM"]
[WhiteElo "2099"]
[BlackElo "2501"]
[WhiteFideId "305650"]
[BlackFideId "1400185"]
[EventDate "2023.05.15"]

1. d4 Nf6 2. Nc3 d6 3. e4 g6 4. Bf4 c6 5. Qd2 Bg7 6. Bh6 Bxh6 7. Qxh6 Qa5 8.
O-O-O Be6 9. d5 Bd7 10. Kb1 Na6 11. f3 b5 12. dxc6 Bxc6 13. Nge2 b4 14. Nd5 Nxd5
15. exd5 Bxd5 16. b3 Nc7 17. Nf4 O-O-O 18. h4 e5 19. Nh3 Be6 20. Bc4 Bxc4 21.
bxc4 Qc5 22. Rhe1 Qxc4 23. Re4 Qc5 24. Ng5 Nb5 25. Nxf7 Na3+ 0-1

[Event "ch-ISL 2023"]
[Site "Hafnarfjordur ISL"]
[Date "2023.05.24"]
[Round "10.2"]
[White "Domalchuk-Jonasson, Aleksandr"]
[Black "Ragnarsson, Dagur"]
[Result "1/2-1/2"]
[WhiteTitle "FM"]
[BlackTitle "IM"]
[WhiteElo "2338"]
[BlackElo "2346"]
[WhiteFideId "14142805"]
[BlackFideId "2304058"]
[EventDate "2023.05.15"]

1. c4 c5 2. Nf3 Nc6 3. Nc3 e6 4. g3 Nge7 5. Bg2 d5 6. cxd5 Nxd5 7. Nxd5 Qxd5 8.
O-O Be7 9. d3 O-O 10. Bf4 Qd8 11. Rc1 Qb6 12. Qd2 f6 13. Be3 e5 14. b3 Be6 15.
Qb2 Rac8 16. Rb1 a5 17. Rfc1 Nd4 18. Nxd4 exd4 19. Bd2 Qa7 20. Re1 b5 21. e3 Bf5
22. Bd5+ Kh8 23. e4 Bg4 24. Kg2 Qd7 25. f3 Bh3+ 26. Kg1 Be6 27. Bxe6 Qxe6 28.
Rbc1 Bd6 29. Qc2 f5 30. e5 Be7 31. f4 h5 32. Qd1 g6 33. Qe2 Ra8 34. Rb1 b4 35.
Rec1 a4 36. Rc2 axb3 37. axb3 Ra3 38. Rcb2 Kg7 39. h4 Kf7 40. Bc1 Rfa8 41. Qc2
Qd5 42. Qc4 Ke6 43. Kf2 Ra1 44. Ke2 R8a2 45. Rxa1 Rxa1 46. Kd1 Qxc4 47. dxc4 Bd8 1/2-1/2

[Event "ch-ISL 2023"]
[Site "Hafnarfjordur ISL"]
[Date "2023.05.24"]
[Round "10.3"]
[White "Ingvason, Johann"]
[Black "Kjartansson, Gudmundur"]
[Result "1-0"]
[BlackTitle "GM"]
[WhiteElo "2076"]
[BlackElo "2402"]
[WhiteFideId "2301431"]
[BlackFideId "2301318"]
[EventDate "2023.05.15"]

1. d4 d5 2. c4 e6 3. g3 Nf6 4. Bg2 Bb4+ 5. Nd2 O-O 6. Nf3 b6 7. O-O Bb7 8. a3
Be7 9. cxd5 exd5 10. b4 Nbd7 11. Bb2 c5 12. dxc5 bxc5 13. bxc5 Nxc5 14. Nd4 Qd7
15. a4 Rfc8 16. Ba3 Nxa4 17. Bxe7 Nc3 18. Qb3 Qxe7 19. Rfc1 Nce4 20. Rxc8+ Bxc8
21. Nxe4 dxe4 22. e3 h5 23. h4 a5 24. Qb5 Bd7 25. Qb7 Qe8 26. Bf1 Rb8 27. Qa7 a4
28. Bc4 Qf8 29. Ne2 Qb4 30. Nf4 Qb6 31. Rxa4 Bxa4 32. Bxf7+ Kh7 33. Qxa4 Kh6 34.
Kg2 Qc5 35. Bg6 Qe5 36. Qa6 Rd8 37. Bxh5 Qd6 38. Qe2 Qc6 39. g4 g5 40. hxg5+
Kxg5 41. Qb2 Rd5 42. Qb8 Qd6 43. Qh8 Qe7 44. Nxd5 Nxd5 45. Qg8+ Kh4 46. Qxd5 Qf6
47. Qxe4 Qe5 48. Qf3 Qd5 49. e4 Qd2 50. Qf6+ 1-0

[Event "ch-ISL 2023"]
[Site "Hafnarfjordur ISL"]
[Date "2023.05.24"]
[Round "10.5"]
[White "Stefansson, Hannes"]
[Black "Hjartarson, Johann"]
[Result "0-1"]
[WhiteTitle "GM"]
[BlackTitle "GM"]
[WhiteElo "2521"]
[BlackElo "2466"]
[WhiteFideId "2300087"]
[BlackFideId "2300044"]
[EventDate "2023.05.15"]

1. e4 e5 2. Nf3 Nc6 3. Bb5 a6 4. Ba4 Nf6 5. O-O Bc5 6. c3 O-O 7. d4 Ba7 8. Re1
d6 9. h3 b5 10. Bc2 Re8 11. Be3 Bb7 12. Nbd2 h6 13. a3 exd4 14. cxd4 Ne7 15. b4
Ng6 16. Qb1 Nh5 17. Bd3 Nhf4 18. Bf1 Qd7 19. Kh2 c5 20. g3 Ne6 21. d5 Nd4 22.
Bxd4 cxd4 23. Nb3 Qe7 24. Qb2 Qf6 25. Nfxd4 Ne5 26. Qe2 Nc4 27. Rad1 Bxd5 28. f3
Nxa3 29. Bg2 Rac8 30. Qa2 Bxd4 31. exd5 Rxe1 32. Rxe1 Rc2 0-1

[Event "ch-ISL 2023"]
[Site "Hafnarfjordur ISL"]
[Date "2023.05.24"]
[Round "10.6"]
[White "Heimisson, Hilmir Freyr"]
[Black "Gretarsson, Hjorvar Steinn"]
[Result "1/2-1/2"]
[WhiteTitle "IM"]
[BlackTitle "GM"]
[WhiteElo "2353"]
[BlackElo "2539"]
[WhiteFideId "2309998"]
[BlackFideId "2302241"]
[EventDate "2023.05.15"]

1. e4 e5 2. Nf3 Nc6 3. Nc3 Nf6 4. a3 g6 5. Bc4 Bg7 6. d3 d6 7. h3 Be6 8. Ng5
Bxc4 9. dxc4 Nd4 10. Nf3 Ne6 11. Qe2 O-O 12. Be3 a6 13. O-O-O Qe8 14. h4 h5 15.
Ng5 Nd4 16. Bxd4 exd4 17. Nd5 Nxd5 18. cxd5 Qe5 19. g3 c6 20. f4 Qf6 21. Qf3
Rac8 22. Rd3 c5 23. Rhd1 Qd8 24. g4 c4 25. Rxd4 Bxd4 26. Rxd4 c3 27. gxh5 cxb2+
28. Kxb2 Qb6+ 29. Rb4 Qg1 30. Qd3 a5 31. Rb3 Qg4 32. hxg6 fxg6 33. Ne6 Rf7 34.
Rc3 Re8 35. Qg3 Qxg3 36. Rxg3 Rxe6 37. dxe6 Rxf4 38. Rxg6+ Kf8 39. h5 Rxe4 40.
h6 Rh4 41. Kc3 Ke7 42. Kd3 b5 43. Ke3 b4 44. a4 Rh2 45. Kd3 Rh4 46. Kd2 Rh2+ 47.
Kc1 Rh4 48. Kb1 Rh2 49. Kb2 Rh3 50. Ka2 Rh5 51. Kb3 d5 52. Ka2 Rh3 53. Kb2 Rh1
54. Ka2 Rh3 55. Kb2 Rh1 56. Rg7+ Kxe6 57. Ra7 Ke5 58. Rxa5 Rxh6 59. Kb3 Kd4 60.
Kxb4 Rc6 61. Kb3 Rc3+ 62. Kb2 Rc4 63. Ra8 Kc5 64. Kb3 Rb4+ 65. Ka3 Rh4 66. Rb8
Rh1 67. Rb5+ Kc4 68. Kb2 d4 69. Rb8 Rh2 70. Rd8 Rh7 71. Rb8 Rh2 72. Rb3 Rh5 73.
Rd3 Rg5 74. Rb3 Rh5 75. Rb7 Rg5 76. Ra7 Rg2 77. Rd7 Rg5 78. Rc7+ Kb4 79. Ra7 Rh5
80. Kc1 Kc3 81. Rc7+ Kb4 82. Kd2 Kxa4 83. Rb7 Rc5 84. Rb3 Rb5 85. Kd3 Rxb3+ 86.
cxb3+ Kxb3 87. Kxd4 1/2-1/2

[Event "ch-ISL 2023"]
[Site "Hafnarfjordur ISL"]
[Date "2023.05.25"]
[Round "11.1"]
[White "Gretarsson, Hjorvar Steinn"]
[Black "Ptacnikova, Lenka"]
[Result "1-0"]
[WhiteTitle "GM"]
[BlackTitle "WGM"]
[WhiteElo "2539"]
[BlackElo "2099"]
[WhiteFideId "2302241"]
[BlackFideId "305650"]
[EventDate "2023.05.15"]

1. Nf3 c5 2. c4 g6 3. e4 Bg7 4. d4 cxd4 5. Nxd4 Nc6 6. Be3 Nf6 7. Nc3 Ng4 8.
Qxg4 Nxd4 9. Qd1 Ne6 10. Qd2 O-O 11. Rc1 d6 12. Be2 Nc5 13. f3 a5 14. b3 f5 15.
exf5 gxf5 16. O-O Kh8 17. Rfd1 Be6 18. f4 b6 19. Bf3 Rb8 20. Bd4 Rg8 21. Re1
Bxd4+ 22. Qxd4+ Rg7 23. Rc2 Bg8 24. Rce2 e5 25. fxe5 dxe5 26. Qxd8 Rxd8 27. Bd5
Nd3 28. Rf1 Rg5 29. g3 Bxd5 30. Nxd5 f4 31. Rf3 Nc5 32. Nxb6 Ne6 33. Re1 Nd4 34.
Rc3 fxg3 35. hxg3 Rf8 36. Kg2 Rgf5 37. Nd7 Rf2+ 38. Kh3 Nf3 39. Nxf8 Nxe1 40.
Ne6 Nf3 41. Kg4 Nh2+ 42. Kg5 h6+ 43. Kg6 Ng4 44. c5 Rf6+ 45. Kh5 1-0

[Event "ch-ISL 2023"]
[Site "Hafnarfjordur ISL"]
[Date "2023.05.25"]
[Round "11.2"]
[White "Stefansson, Vignir Vatnar"]
[Black "Stefansson, Hannes"]
[Result "1/2-1/2"]
[WhiteTitle "IM"]
[BlackTitle "GM"]
[WhiteElo "2470"]
[BlackElo "2521"]
[WhiteFideId "2308649"]
[BlackFideId "2300087"]
[EventDate "2023.05.15"]

1. d4 Nf6 2. c4 e6 3. g3 d5 4. Bg2 Be7 5. Nf3 O-O 6. O-O dxc4 7. Qc2 b5 8. a4
Bb7 9. axb5 a6 10. bxa6 Nxa6 11. Qxc4 Bd5 12. Qd3 Nb4 13. Rxa8 Qxa8 14. Qd1 Na2
15. Nc3 Nxc3 16. bxc3 c5 17. Be3 Rc8 18. dxc5 Ng4 19. Bd4 e5 20. Bh3 Bxf3 21.
exf3 exd4 22. Bxg4 Rxc5 23. Qxd4 h5 24. Bh3 Qc6 25. Rb1 Rxc3 26. Rb8+ Bf8 27.
Rc8 Qxc8 28. Bxc8 Rxc8 29. f4 Rc5 30. Qd8 g6 31. Kg2 Rb5 32. h4 Rc5 33. f3 Rc2+
34. Kh3 Rc3 35. Qa8 Rc5 36. g4 Kg7 37. Qa1+ Kg8 38. Qd4 Ra5 39. Qd8 Rc5 40. Kg3
Rb5 41. f5 hxg4 42. fxg6 fxg6 43. fxg4 Rb7 44. Qd5+ Rf7 45. h5 gxh5 46. gxh5 Kg7
47. h6+ Kg6 48. h7 Rxh7 49. Qg8+ Bg7 50. Qe8+ Kf6 51. Qd8+ Kf7 1/2-1/2

[Event "ch-ISL 2023"]
[Site "Hafnarfjordur ISL"]
[Date "2023.05.25"]
[Round "11.3"]
[White "Hjartarson, Johann"]
[Black "Heimisson, Hilmir Freyr"]
[Result "0-1"]
[WhiteTitle "GM"]
[BlackTitle "IM"]
[WhiteElo "2466"]
[BlackElo "2353"]
[WhiteFideId "2300044"]
[BlackFideId "2309998"]
[EventDate "2023.05.15"]

1. c4 c5 2. Nf3 Nc6 3. Nc3 e5 4. e3 Nf6 5. d4 e4 6. Ne5 g6 7. Be2 Bg7 8. O-O O-O
9. Rb1 Qe7 10. Nxc6 dxc6 11. b3 cxd4 12. exd4 Bf5 13. Be3 Rad8 14. Qd2 Ng4 15.
Bxg4 Bxg4 16. Rfe1 f5 17. h3 Bh5 18. Rbc1 f4 19. Bxf4 Rxd4 20. Qe3 Qf7 21. g4 g5
22. Bg3 Rd3 23. Qc5 Bg6 24. Ne2 e3 25. f4 gxf4 26. Bxf4 Rd2 27. Qxe3 Rd3 28. Qf2
Rxh3 29. Qg2 Rh4 30. Bg5 Be4 31. Rf1 Qe6 32. Rxf8+ Bxf8 0-1